Statistiken für Anschlussstellen der BAB 23

Klicken Sie hier um das Quiz zu spielen!

Allgemein

  • Dieses Quiz wurde 30 mal gespielt
  • Das Durchschnittsergebnis liegt bei 14 aus 21

Antwortstatistiken

BundeslandAS-Nr.Anschlussstelle% Korrekt
Hamburg22AD Hamburg-Nordwest
100%
Hamburg21Hamburg-Eidelstedt
100%
Schleswig-Holstein17Pinneberg-Mitte
94%
Schleswig-Holstein16Pinneberg-Nord
94%
Schleswig-Holstein18Pinneberg-Süd
94%
Schleswig-Holstein3Heide-Süd
83%
Schleswig-Holstein2Heide-West
83%
Schleswig-Holstein9Itzehoe-Mitte
83%
Schleswig-Holstein8Itzehoe-Nord
83%
Schleswig-Holstein10Itzehoe-Süd
83%
Schleswig-Holstein14Elmshorn
78%
Schleswig-Holstein13Horst/Elmshorn
78%
Schleswig-Holstein20Halstenbek-Krupunder
50%
Schleswig-Holstein19Halstenbek/Rellingen
50%
Schleswig-Holstein15Tornesch
50%
Schleswig-Holstein11Lägerdorf
33%
Schleswig-Holstein7Schenefeld
33%
Schleswig-Holstein4Albersdorf
28%
Schleswig-Holstein6Hanerau-Hademarschen
28%
Schleswig-Holstein12Hohenfelde
28%
Schleswig-Holstein5Schafstedt
28%

Verteilung der Resultate

Perzentil nach korrekt beantworteten Fragen

Anzahl Personen mit jedem Resultat

Ihre Resultats-Entwicklung

Sie haben dieses Quiz noch nicht gespielt